Modern Tendencies of Development of Enterprises of Agro-Industrial Complex of Ukraine
Identifikovanie a analýza súčasných trendov vo vývoji podnikov v poľnohospodársko-priemyselnom komplexe Ukrajiny medzi ktoré patrí: zníženie zahraničných investícií a vysoké investičné zaťaženie výrobcov; pokles financovania a štátna podpora rozvoja domácich agropriemyselných podnikov; rast produkti...
Gespeichert in:
| 1. Verfasser: | |
|---|---|
| Format: | Buchkapitel |
| Sprache: | Russisch |
| Schlagworte: | |
| Tags: |
Keine Tags, Fügen Sie das erste Tag hinzu!
|
MARC
| LEADER | 00000naa a2200000 4500 | ||
|---|---|---|---|
| 001 | 0253646 | ||
| 005 | 20220719071833.8 | ||
| 041 | 0 | |a rus | |
| 044 | |a UA | ||
| 245 | 1 | 0 | |a Modern Tendencies of Development of Enterprises of Agro-Industrial Complex of Ukraine |c Kateryna V. Akulenko |
| 520 | |a Identifikovanie a analýza súčasných trendov vo vývoji podnikov v poľnohospodársko-priemyselnom komplexe Ukrajiny medzi ktoré patrí: zníženie zahraničných investícií a vysoké investičné zaťaženie výrobcov; pokles financovania a štátna podpora rozvoja domácich agropriemyselných podnikov; rast produktivity práce a pod. | ||
| 610 | 2 | 0 | |a Ukrajina |
| 610 | 2 | 0 | |a poľnohospodárstvo |
| 610 | 2 | 0 | |a priemysel |
| 610 | 2 | 0 | |a podpora štátna |
| 610 | 2 | 0 | |a investície |
| 610 | 2 | 0 | |a produktivita práce |
| 610 | 2 | 0 | |a analýza dát |
| 100 | 1 | |a Akulenko, Kateryna V. | |